000 00881nam a22002417a 4500
999 _c17514
_d17514
003 AR-CdUCM
008 190508b ||||| |||| 00| 0 spa d
040 _aMUNICIPALIDAD PROVINCIAL DEL CUSCO
_cBIBLIOTECA MUNICIPAL DEL CUSCO
041 _heng
082 _22ed.
_a581.12 /
_bST81
100 _aStiles, Walter
_937561
245 _aLa Respiración en las plantas /
260 _aBuenos Aires :
_bAcme Agency,
_c1945.
300 _a137 páginas ;
_bcuadros, figuras,
_c18 cm.
505 _aContenido: Respiración de las plantas normales en condiciones de aerobiosis -- Respiración anaeróbica -- Mecanismo de la respiración.
650 _aPlantas
_919530
650 _aRespiración
_920006
650 _aBiología
_9881
700 _aSoriano, Alberto (traducción)
_937562
700 _aLeach, William (coautor)
_937563
942 _2ddc
_cLIBROS
945 _aachl
_d2019-05-08